00477 2200181 4500001002100000008004100021035002000062245006800082250001000150260003100160300001500191020001500206084001600221082001000237650002600247990001100273990001100284INLIS000000000001138 ind  a0010-0722000687 aPendidikan Bagi Anak Dengan Problematika BelajarcMunawir Yusuf aCet.1 asolobTiga Serangkaic2003 a224c21 cm a9796682710 a371.9 MUN p a371.9 aPengajaran Pendidikan aDI.361 aDI.464